| 000 | 00764cam a2200229 i 4500 | ||
|---|---|---|---|
| 005 | 20251228083353.0 | ||
| 008 | 250721s1992 ua gr 000 0 ara d | ||
| 020 | _a9770804134 | ||
| 082 | 1 | 4 |
_a218,51 _bم ح م |
| 100 | 1 |
_aالشعراوي، محمد متولي _eمؤلف. |
|
| 245 | 1 | 2 |
_aالمسلم في مواجهة الشدائد / _cمحمد متولي الشعراوي. |
| 264 | 3 | 1 |
_aالقاهرة : _bدارا أخبار اليوم، _c1992. |
| 300 | _a119صفحة. | ||
| 490 | 0 | _aكتاب اليوم | |
| 650 | 1 | 7 | _aالإسلام. |
| 650 | 1 | 7 | _aالفقه. |
| 650 | 1 | 7 | _aالوعظ و الإرشاد. |
| 650 | 1 | 7 | _aالأدعية الإسلامية. |
| 830 | 0 | _aكتاب اليوم | |
| 942 |
_2ddc _cBK |
||
| 999 |
_c4501 _d4501 |
||